000 00885pam a2200265 a 4500
001 2822977
003 ARRUPE
005 20131127131117.0
008 830411s1983 nyu b 001 0 eng
010 _a 83008077
020 _a0883440326 (pbk.)
040 _aDLC
_cDLC
_dDLC
043 _an-us---
050 0 0 _aBR563.N4
_bW53 1983
082 0 0 _a291/.08996073
_219
100 1 _aWilmore, Gayraud S.
_94188
245 1 0 _aBlack religion and black radicalism :
_ban interpretation of the religious history of Afro-American people /
_cGayraud S. Wilmore.
250 _a2nd ed., rev. and enl.
260 _aMaryknoll, N.Y. :
_bOrbis Books,
_cc1983.
300 _axv, 288 p. ;
_c24 cm.
504 _aIncludes bibliographical references and index.
650 0 _aAfrican Americans
_xReligion.
_94189
906 _a7
_bcbc
_corignew
_d1
_eocip
_f19
_gy-gencatlg
942 _2lcc
_cMONOGRAPH
999 _c118774
_d118774